000 00886nam a2200241Ia 4500
003 OSt
005 20220923211047.0
006 a|||||r|||| 00| 0
007 ta
008 Pun
020 _a8176472069 (hbk)
_c175
024 _a243,237
037 _b7501/8, 19/11/2009, Arsee Publishers
_cTextual
040 _aARTS
_cARTS
_bPun
041 _2Pun
_aPun
082 _aV2:51.N1, 153P8
100 _aਗਿਆਨੀ, ਗੁਰਦਿਤ ਸਿੰਘ
_9157753
245 0 _aਹਿੰਦ ਆਗ਼ਾਦੀ ਸੰਗਮ (1914-1915) ਦੇ ਜੁਝਾਰੂ Fਹੀਦਾਂ ਦੀ ਅਮਰ ਗਾਖਾ
260 _aਲੁਧਿਆਣਾ
_b ਲਾਹੌਰ ਬੁਕ Fਾਪ
_c2008
300 _a184ਪੰ
_ccm.
942 _hV2:51.N1, 153P8
_cTEXL
_2CC
999 _c294669
_d294669